Detalles MARC
| 000 -LEADER |
| fixed length control field |
01307nam a2200301 a 4500 |
| 001 - CONTROL NUMBER |
| control field |
000047479 |
| 003 - CONTROL NUMBER IDENTIFIER |
| control field |
DO-SdBNP |
| 005 - DATE AND TIME OF LATEST TRANSACTION |
| control field |
20240307104728.0 |
| 007 - PHYSICAL DESCRIPTION FIXED FIELD--GENERAL INFORMATION |
| fixed length control field |
ta |
| 008 - FIXED-LENGTH DATA ELEMENTS--GENERAL INFORMATION |
| fixed length control field |
180606s2017 dr er 000 dspa d |
| 020 ## - INTERNATIONAL STANDARD BOOK NUMBER |
| International Standard Book Number |
9789945131956 |
| 040 ## - CATALOGING SOURCE |
| Original cataloging agency |
BPMSU |
| Language of cataloging |
spa |
| Transcribing agency |
BPMSU |
| 082 #4 - DEWEY DECIMAL CLASSIFICATION NUMBER |
| Classification number |
128.4 |
| Item number |
A444a 2017 |
| Edition number |
22 |
| 100 1# - MAIN ENTRY--PERSONAL NAME |
| Personal name |
Almaguer,C R. |
| Dates associated with a name |
1971- |
| 245 13 - TITLE STATEMENT |
| Title |
El ángel y la bestia : |
| Remainder of title |
construyendo al humano / |
| Statement of responsibility, etc. |
C R Almaguer ; edición , diagramación y diseño Danay Delgado López |
| 260 ## - PUBLICATION, DISTRIBUTION, ETC. (IMPRINT) |
| Place of publication, distribution, etc. |
Santo Domingo : |
| Name of publisher, distributor, etc. |
Mediabyte, |
| Date of publication, distribution, etc. |
2017. |
| 300 ## - PHYSICAL DESCRIPTION |
| Extent |
135 p. ; |
| Dimensions |
19 cm. |
| 500 ## - GENERAL NOTE |
| General note |
Incluye datos biográficos del autor en la contracubierta |
| 505 0# - FORMATTED CONTENTS NOTE |
| Formatted contents note |
Una lección de vida, 9.-- La breve, frágil y maravillosa vida humana, 15.-- El ángel y la bestia, 27.-- Alimentando al ángel, 45.-- Embridando a la bestia, 57.-- La educación como formación humana, 67.-- La instrucción, 85.-- La cultura, 95.-- El sostén material de la existencia, 105.-- La trascendencia de la vida, 117.-- Epílogo, 123. |
| 590 ## - LOCAL NOTE (RLIN) |
| Local note |
Inventariado, 2024/VM |
| 650 #4 - SUBJECT ADDED ENTRY--TOPICAL TERM |
| Topical term or geographic name as entry element |
Teoría del conocimiento |
| 650 #4 - SUBJECT ADDED ENTRY--TOPICAL TERM |
| Topical term or geographic name as entry element |
Vida |
| Form subdivision |
Aspectos filosóficos |
| 650 #4 - SUBJECT ADDED ENTRY--TOPICAL TERM |
| Topical term or geographic name as entry element |
Aprendizaje transformador |
| 650 #4 - SUBJECT ADDED ENTRY--TOPICAL TERM |
| Topical term or geographic name as entry element |
Conciencia |
| 700 1# - ADDED ENTRY--PERSONAL NAME |
| Personal name |
Delgado López, Danay, |
| Relator code |
ed. |
| 910 ## - USER-OPTION DATA (OCLC) |
| User-option data |
VMateo V. Control de calidad. BPMSU |
| 942 ## - ADDED ENTRY ELEMENTS (KOHA) |
| Source of classification or shelving scheme |
Dewey Decimal Classification |
| Koha item type |
Libros |